| 000 | 01124cam a2200349 a 4500 | ||
|---|---|---|---|
| 001 | 6832 | ||
| 003 | FISKH | ||
| 005 | 20250530082608.0 | ||
| 008 | 090427s2010 maua b 000 1 eng | ||
| 010 | _a 2009016184 | ||
| 020 | _a9781846864032 | ||
| 040 |
_aDLC _cDLC _dDLC _beng |
||
| 050 | _aPZ8.G3235 W | ||
| 082 | _a591.5 | ||
| 100 | 1 | _aGershator, Phillis. | |
| 245 | 1 | 0 |
_aWho's in the garden? / _cwritten by Phillis Gershator ; illustrated by Jill McDonald. |
| 260 |
_aCambridge : _bBarefoot Books, _c2010. |
||
| 300 |
_a24 unnumbered pages : _bcolor illustrations ; _c22 cm |
||
| 505 | _aG | ||
| 520 | _aPictures and rhyming text describe the animals and insects that make a garden noisy, vibrant, and beautiful. | ||
| 521 | 8 |
_a300
_bLexile estimate |
|
| 521 | 8 |
_aG
_bRaz-Plus |
|
| 650 | 0 |
_aGardening _2Animals _vStorytime |
|
| 650 | 1 | _aStories in rhyme. | |
| 650 | 1 |
_aGardens _vFiction. |
|
| 650 | 1 |
_aAnimals _vFiction. |
|
| 650 | 1 | _aBoard books. | |
| 700 | 1 |
_aMcDonald, Jill, _eillustrator |
|
| 906 |
_a7 _bcbc _corignew _d1 _eecip _f20 _gy-gencatlg |
||
| 942 |
_2ddc _cBK _n0 |
||
| 999 |
_c6832 _d6832 |
||